Airbus Planes: Click quiz - Statistics

General Stats
  • This quiz has been taken 1,203 times
  • The average score is 9 of 12
Answer Stats
Hint Answer % Correct
Airbus Beluga
93%
Airbus A380
90%
Airbus A319
82%
Airbus A220
78%
Airbus A340
77%
Airbus A330
75%
Airbus A350
71%
Airbus A318
69%
Airbus A320
62%
Airbus A321
60%
Airbus A300
55%
Airbus A310
43%
No matching quizzes found
Score Distribution
Percent of People with Each Score
Percentile by Number Answered
Your Score History
You have not taken this quiz